[Event "2nd BEHIN BAZAFARIN-Tehran"]
[Site "Tehran"]
[Date "2014.11.20"]
[Round "7.3"]
[White "Korneev, Oleg"]
[Black "Mousavi, Seyed Khalil"]
[Result "1-0"]
[WhiteElo "2588"]
[BlackElo "2339"]
[Annotator "www.Chessboard.ir"]
[PlyCount "89"]
[EventDate "2014.??.??"]
[EventRounds "2"]
[EventCountry "IRI"]
[WhiteClock "0:32:14"]
[BlackClock "1:13:07"]

1. e4 c5 2. Nf3 e6 3. d4 cxd4 4. Nxd4 Nf6 5. Nc3 Nc6 6. Ndb5 d6 7. Bf4 e5 8.
Bg5 a6 9. Na3 b5 10. Nd5 Be7 11. Bxf6 Bxf6 12. c3 Bg5 13. Nc2 Ne7 14. Ncb4 O-O
15. a4 bxa4 16. Qxa4 a5 17. Nxe7+ Qxe7 18. Bb5 Bb7 19. Nc6 Qc7 20. O-O Rfc8 21.
Nxa5 Bd8 22. Ba6 Bc6 23. Qxc6 Qxc6 24. Nxc6 Rxc6 25. Bb7 Rxa1 26. Rxa1 Rb6 27.
Ra8 Kf8 28. Rxd8+ Ke7 29. Rb8 Rxb2 30. h4 h5 31. g3 g6 32. Kf1 Kf6 33. Ke1 Ke7
34. f3 Kf6 35. f4 exf4 36. gxf4 Kg7 37. c4 Kf6 38. Kf1 Ke7 39. Ke1 Kf6 40. Kd1
Ke7 41. Kc1 Rb4 42. Kd2 Rb1 43. e5 Rb4 44. Kc3 Rb1 45. Kd4 1-0

[Event "2nd BEHIN BAZAFARIN-Tehran"]
[Site "Tehran"]
[Date "2014.11.20"]
[Round "7.4"]
[White "Darban, Morteza"]
[Black "Pourramezanali, Amirreza"]
[Result "0-1"]
[WhiteElo "2335"]
[BlackElo "2414"]
[Annotator "www.Chessboard.ir"]
[PlyCount "60"]
[EventDate "2014.??.??"]
[EventRounds "2"]
[EventCountry "IRI"]

1. c4 e5 2. g3 Nf6 3. Bg2 d5 4. cxd5 Nxd5 5. Nc3 Nb6 6. Nf3 Nc6 7. O-O Be7 8.
d3 O-O 9. a3 Re8 10. b4 Bf8 11. Bb2 Bg4 12. Re1 a5 13. b5 Nd4 14. Nxd4 exd4 15.
Ne4 Qd7 16. Nd2 Rad8 17. a4 Nd5 18. Bf3 Bb4 19. Bxd4 Bxf3 20. exf3 Rxe1+ 21.
Qxe1 Nf4 22. Be3 Nxd3 23. Qe2 h6 24. Nf1 c5 25. bxc6 bxc6 26. Qa2 Ne5 27. f4
Nf3+ 28. Kg2 Ne1+ 29. Kg1 Qh3 30. f3 Rd2 0-1

[Event "2nd BEHIN BAZAFARIN-Tehran"]
[Site "Tehran"]
[Date "2014.11.20"]
[Round "7.5"]
[White "Pourghanbarzad Lashtnesha, Arm"]
[Black "Mahjoob, Morteza"]
[Result "0-1"]
[WhiteElo "2286"]
[BlackElo "2412"]
[Annotator "www.Chessboard.ir"]
[PlyCount "140"]
[EventDate "2014.??.??"]
[EventRounds "2"]
[EventCountry "IRI"]
[WhiteClock "0:08:58"]
[BlackClock "0:06:27"]

1. e4 c5 2. Nf3 Nc6 3. d4 cxd4 4. Nxd4 g6 5. c4 Nf6 6. Nc3 Nxd4 7. Qxd4 d6 8.
Be2 Bg7 9. Be3 O-O 10. Qd2 a5 11. O-O a4 12. f3 Qa5 13. Rac1 Be6 14. Nd5 Qxd2
15. Nxe7+ Kh8 16. Bxd2 Rfe8 17. Nd5 Nxd5 18. cxd5 Bxd5 19. Bb5 Re5 20. Bxa4
Bxa2 21. b3 Rc5 22. Be3 b5 23. Bxc5 bxa4 24. Ba3 Bd4+ 25. Rf2 Bxf2+ 26. Kxf2
axb3 27. Bb2+ Kg8 28. Ke3 Kf8 29. g4 Ra7 30. g5 Ke7 31. f4 Kd7 32. Kd3 Rb7 33.
Kd4 Ke6 34. Kd3 Rb4 35. Ke3 Kd7 36. Rd1 Ke6 37. Rc1 Ra4 38. Kf3 Ra5 39. Ke3 h6
40. h4 h5 41. Kd4 Ra4+ 42. Ke3 Rb4 43. Kf3 Rb5 44. Rc7 Bb1 45. Bf6 d5 46. exd5+
Kxd5 47. Bb2 Ra5 48. Rb7 Bc2 49. Bf6 Kc6 50. Rb4 Rd5 51. Rc4+ Kd7 52. Rb4 Ke6
53. Rb7 Rd3+ 54. Ke2 Rd7 55. f5+ gxf5 56. Rb6+ Kd5 57. Ke3 Ra7 58. Rb8 Ra4 59.
Rd8+ Kc6 60. Rc8+ Kb7 61. Rf8 f4+ 62. Kf3 Be4+ 63. Kxf4 Bg6+ 64. Kg3 Rg4+ 65.
Kh3 Re4 66. Rd8 Re3+ 67. Kg2 b2 68. Bxb2 Re2+ 69. Kf3 Rxb2 70. Rd4 Kc6 0-1

[Event "2nd BEHIN BAZAFARIN-Tehran"]
[Site "Tehran"]
[Date "2014.11.20"]
[Round "7.6"]
[White "Nadanian, Ashot"]
[Black "Tahbaz, Arash"]
[Result "1-0"]
[WhiteElo "2385"]
[BlackElo "2277"]
[Annotator "www.Chessboard.ir"]
[PlyCount "68"]
[EventDate "2014.??.??"]
[EventRounds "2"]
[EventCountry "IRI"]
[WhiteClock "0:14:08"]
[BlackClock "0:04:17"]

1. e4 c5 2. g3 d5 3. exd5 Qxd5 4. Nf3 Bg4 5. Bg2 Qe6+ 6. Kf1 Nc6 7. h3 Bh5 8.
d3 Nf6 9. Be3 Qd6 10. Nc3 e6 11. g4 Bg6 12. Nh4 Be7 13. Nxg6 hxg6 14. Qf3 Rd8
15. Re1 O-O 16. g5 Nd5 17. Nxd5 Qxd5 18. Qxd5 exd5 19. c4 Ne5 20. Bxc5 Bxc5 21.
Rxe5 Bd4 22. Rxd5 Bxb2 23. Rb5 Bc1 24. Ke2 Rfe8+ 25. Be4 a6 26. Rxb7 Bxg5 27.
Kf3 Rd4 28. h4 Be7 29. h5 g5 30. h6 gxh6 31. Rxh6 Kg7 32. Rxa6 Kf8 33. Kg2 Bc5
34. Rc6 Re5 1-0

[Event "2nd BEHIN BAZAFARIN-Tehran"]
[Site "Tehran"]
[Date "2014.11.20"]
[Round "7.7"]
[White "Hosseinipour, Mehdi"]
[Black "Tabatabaei, M.Amin"]
[Result "1/2-1/2"]
[WhiteElo "2275"]
[BlackElo "2353"]
[Annotator "www.Chessboard.ir"]
[PlyCount "71"]
[EventDate "2014.??.??"]
[EventRounds "2"]
[EventCountry "IRI"]
[WhiteClock "0:17:55"]
[BlackClock "0:15:46"]

1. e4 e5 2. Nf3 Nc6 3. Bc4 Bc5 4. d3 Nf6 5. c3 O-O 6. Bb3 d5 7. Qe2 a5 8. O-O
a4 9. Bc2 h6 10. h3 b6 11. Rd1 Ba6 12. Nbd2 b5 13. Nf1 d4 14. Ng3 a3 15. b4 Bb6
16. cxd4 Nxd4 17. Nxd4 Bxd4 18. Rb1 Bc8 19. Bb3 c5 20. bxc5 Bxc5 21. Be3 Qd6
22. Bxc5 Qxc5 23. d4 exd4 24. e5 Nd7 25. Qe4 Ra6 26. f4 d3+ 27. Kh2 Qb6 28.
Qxd3 Nc5 29. Qe3 Nxb3 30. Qxb6 Rxb6 31. Rxb3 b4 32. f5 Re8 33. Rd4 Kh7 34.
Rdxb4 Rxb4 35. Rxb4 Rxe5 36. Ra4 1/2-1/2

[Event "2nd BEHIN BAZAFARIN-Tehran"]
[Site "Tehran"]
[Date "2014.11.20"]
[Round "7.8"]
[White "Mosadeghpour, Masoud"]
[Black "Mahdavirad, Mehdi"]
[Result "1/2-1/2"]
[WhiteElo "2347"]
[BlackElo "2264"]
[Annotator "www.Chessboard.ir"]
[PlyCount "111"]
[EventDate "2014.??.??"]
[EventRounds "2"]
[EventCountry "IRI"]
[WhiteClock "0:06:59"]
[BlackClock "0:07:54"]

1. e4 c5 2. d4 cxd4 3. c3 dxc3 4. Nxc3 Nc6 5. Nf3 d6 6. Bc4 a6 7. O-O Nf6 8.
Bf4 Bg4 9. h3 Bxf3 10. Qxf3 e6 11. Rfd1 Qb8 12. b4 Be7 13. b5 axb5 14. Nxb5 Ne5
15. Qe2 O-O 16. Bb3 Ra6 17. Rd2 Nfd7 18. Rad1 Nc5 19. Qe3 h6 20. Kh2 Nxb3 21.
Qxb3 Rc6 22. Qg3 Ng6 23. Bxd6 Bxd6 24. Nxd6 Qc7 25. Rd3 Rd8 26. e5 Ra8 27. Rf3
Rf8 28. Rd4 Qa5 29. Re4 Qd5 30. Rd3 Qxa2 31. Nxf7 Rxf7 32. Qxg6 Qxf2 33. Rd8+
Rf8 34. Rg4 Rc7 35. Qxe6+ Qf7 36. Rxf8+ Kxf8 37. Qd6+ Qe7 38. Qd5 g5 39. Ra4
Kg7 40. e6 Qc5 41. Qxc5 Rxc5 42. Re4 Kf8 43. e7+ Ke8 44. Re6 Rc6 45. Re5 Rc7
46. Re6 Rxe7 47. Rxh6 Kd7 48. Kg3 Kc7 49. Kg4 b5 50. Kxg5 Rg7+ 51. Kf4 Rxg2 52.
Ke4 b4 53. Kd3 b3 54. Rf6 Rg3+ 55. Kc4 Rxh3 56. Rf2 1/2-1/2

[Event "2nd BEHIN BAZAFARIN-Tehran"]
[Site "Tehran"]
[Date "2014.11.20"]
[Round "7.9"]
[White "Amonatov, Farrukh"]
[Black "Falah, Mehdi"]
[Result "1-0"]
[WhiteElo "2608"]
[BlackElo "1964"]
[Annotator "www.Chessboard.ir"]
[PlyCount "63"]
[EventDate "2014.??.??"]
[EventRounds "2"]
[EventCountry "IRI"]
[WhiteClock "1:01:41"]
[BlackClock "0:29:04"]

1. e4 c5 2. Nf3 Nc6 3. Nc3 Nf6 4. Bb5 d6 5. e5 Nd7 6. exd6 e5 7. O-O Bxd6 8.
Bxc6 bxc6 9. d3 O-O 10. Nd2 Nf6 11. Nc4 Nd5 12. Nxd6 Nxc3 13. Nxf7 Nxd1 14.
Nxd8 Rxd8 15. Rxd1 e4 16. Be3 exd3 17. Rxd3 Rxd3 18. cxd3 Ba6 19. Bxc5 Bxd3 20.
Re1 a5 21. Re7 g6 22. Bd4 h5 23. Rg7+ Kf8 24. Rc7 Ra6 25. f3 a4 26. Kf2 a3 27.
bxa3 Bb1 28. Bc5+ Kg8 29. Ke3 Bxa2 30. Kf4 Bf7 31. Rc8+ Kh7 32. Bd4 1-0

[Event "2nd BEHIN BAZAFARIN-Tehran"]
[Site "Tehran"]
[Date "2014.11.20"]
[Round "7.10"]
[White "Malakhatko, Vadim"]
[Black "Hosseinzadeh, Nima"]
[Result "1-0"]
[WhiteElo "2533"]
[BlackElo "2182"]
[Annotator "www.Chessboard.ir"]
[PlyCount "69"]
[EventDate "2014.??.??"]
[EventRounds "2"]
[EventCountry "IRI"]
[WhiteClock "0:48:57"]
[BlackClock "0:01:01"]

1. d4 Nf6 2. c4 g6 3. Nc3 Bg7 4. e4 d6 5. Nf3 O-O 6. Be2 e5 7. O-O Nc6 8. d5
Ne7 9. b4 Ne8 10. a4 f5 11. a5 Nf6 12. Nd2 f4 13. c5 g5 14. f3 Ng6 15. Nc4 Rf7
16. g4 h5 17. h3 Bf8 18. Ba3 Nh4 19. b5 b6 20. cxd6 cxd6 21. Bb2 Rb8 22. axb6
axb6 23. Na2 hxg4 24. hxg4 Nxg4 25. fxg4 f3 26. Bd3 Bxg4 27. Kf2 Bh5 28. Rh1 g4
29. Qg1 Be7 30. Qg3 Rh7 31. Nb4 Be8 32. Nc6 Bxc6 33. dxc6 Rg7 34. Ne3 d5 35.
Bxe5 1-0

[Event "2nd BEHIN BAZAFARIN-Tehran"]
[Site "Tehran"]
[Date "2014.11.20"]
[Round "7.11"]
[White "Soozankar, A.M."]
[Black "Toufighi, Homayoon"]
[Result "1/2-1/2"]
[WhiteElo "2190"]
[BlackElo "2440"]
[Annotator "www.Chessboard.ir"]
[PlyCount "96"]
[EventDate "2014.??.??"]
[EventRounds "2"]
[EventCountry "IRI"]
[WhiteClock "0:42:26"]
[BlackClock "0:37:50"]

1. e4 b6 2. d4 Bb7 3. Bd3 e6 4. Nf3 c5 5. c3 cxd4 6. cxd4 Bb4+ 7. Bd2 Bxd2+ 8.
Nbxd2 Ne7 9. e5 Ng6 10. Nc4 O-O 11. Nd6 Bd5 12. Be4 Bxe4 13. Nxe4 f6 14. O-O
Nc6 15. exf6 d5 16. fxg7 Rxf3 17. Qxf3 dxe4 18. Qxe4 Qd5 19. Rfe1 Nxd4 20. Qxd5
exd5 21. Rad1 Nc2 22. Re2 Nb4 23. h4 Nc6 24. Re6 Nge7 25. Rde1 Kf7 26. f4 d4
27. f5 Rc8 28. f6 Ng8 29. Rd6 d3 30. g4 d2 31. Rf1 Ne5 32. g5 Rc4 33. Rxd2 Rxh4
34. Rd8 Rg4+ 35. Kh2 Rxg5 36. Rf8+ Ke6 37. Rxg8 Ng4+ 38. Kh3 Nxf6 39. Re1+ Kf5
40. Rc8 Rh5+ 41. Kg3 Rg5+ 42. Kf3 Rxg7 43. Rc4 Rd7 44. Rf4+ Kg6 45. Rg1+ Kf7
46. Ke2 Ke6 47. Rh1 Ke5 48. Rfh4 h5 1/2-1/2

[Event "2nd BEHIN BAZAFARIN-Tehran"]
[Site "Tehran"]
[Date "2014.11.20"]
[Round "7.12"]
[White "Razaghi, Behrooz"]
[Black "Petrosian, Davit G"]
[Result "0-1"]
[WhiteElo "2176"]
[BlackElo "2382"]
[Annotator "www.Chessboard.ir"]
[PlyCount "100"]
[EventDate "2014.??.??"]
[EventRounds "2"]
[EventCountry "IRI"]
[WhiteClock "0:33:38"]
[BlackClock "0:04:50"]

1. e4 e6 2. d4 d5 3. Nc3 Nf6 4. Bg5 dxe4 5. Nxe4 Be7 6. Bxf6 gxf6 7. Nf3 a6 8.
Bd3 f5 9. Ned2 c5 10. dxc5 Bxc5 11. Qe2 Qf6 12. O-O-O Nc6 13. Kb1 Bd7 14. Nc4
O-O-O 15. Nce5 Bd6 16. Rhe1 Bxe5 17. Nxe5 Nxe5 18. Qxe5 Qxe5 19. Rxe5 Bc6 20.
g3 h5 21. h4 f4 22. Be2 Rxd1+ 23. Bxd1 Kc7 24. Rxh5 Rd8 25. Bg4 f5 26. Rh7+ Kb6
27. Bh5 Rd2 28. Kc1 Rxf2 29. gxf4 Rxf4 30. Bd1 Rf1 31. Kd2 Kc5 32. h5 Rh1 33.
Rf7 Kd4 34. c3+ Ke5 35. a4 Kf4 36. b4 Rh2+ 37. Kc1 Rh1 38. Kd2 e5 39. b5 axb5
40. axb5 Rh2+ 41. Kc1 Be4 42. c4 Ke3 43. c5 Rh1 44. c6 bxc6 45. b6 Bf3 46. Rd7
Bxd1 47. b7 Bf3+ 48. Kb2 Be4 49. h6 Rb1+ 50. Ka2 f4 0-1

[Event "2nd BEHIN BAZAFARIN-Tehran"]
[Site "Tehran"]
[Date "2014.11.21"]
[Round "8.1"]
[White "Mahjoob, Morteza"]
[Black "Korneev, Oleg"]
[Result "0-1"]
[WhiteElo "2412"]
[BlackElo "2588"]
[Annotator "www.Chessboard.ir"]
[PlyCount "100"]
[EventDate "2014.??.??"]
[EventRounds "2"]
[EventCountry "IRI"]
[WhiteClock "0:00:50"]
[BlackClock "0:03:24"]

1. d4 d5 2. c4 e6 3. Nf3 Nf6 4. g3 dxc4 5. Qa4+ Nbd7 6. Bg2 a6 7. Nc3 Be7 8.
O-O O-O 9. Qxc4 b5 10. Qb3 Bb7 11. Ne5 Bxg2 12. Kxg2 Nxe5 13. dxe5 Nd7 14. Bf4
c5 15. Ne4 Qc7 16. Qc3 b4 17. Qe3 Nb6 18. Rfc1 c4 19. Qf3 Rac8 20. g4 Nd5 21.
Bg3 c3 22. bxc3 Nxc3 23. a3 a5 24. axb4 axb4 25. Nd6 Bxd6 26. exd6 Qc5 27. Rc2
e5 28. Qf5 Qd5+ 29. Kh3 f6 30. d7 Rcd8 31. Rb2 Rxd7 32. Rxb4 Nxe2 33. Qe4 Qd2
34. Qc4+ Kh8 35. Qb5 Rdd8 36. Kg2 Nd4 37. Qb7 Qe2 38. h3 h6 39. Rb2 Qd3 40. Ra7
Rg8 41. Rb6 Rc8 42. Ra1 Rc2 43. Re1 Qd2 44. Rbb1 Rgc8 45. Rbd1 Qc3 46. Qe4 Ne6
47. h4 Rc4 48. Qg6 Rf4 49. Qe8+ Kh7 50. Qxe6 Rcxf2+ 0-1

[Event "2nd BEHIN BAZAFARIN-Tehran"]
[Site "Tehran"]
[Date "2014.11.21"]
[Round "8.2"]
[White "Ghaem Maghami, Ehsan"]
[Black "Javanbakht, Nima"]
[Result "1-0"]
[WhiteElo "2559"]
[BlackElo "2379"]
[Annotator "www.Chessboard.ir"]
[PlyCount "83"]
[EventDate "2014.??.??"]
[EventRounds "2"]
[EventCountry "IRI"]
[WhiteClock "0:28:01"]
[BlackClock "0:31:08"]

1. c4 e6 2. Nf3 d5 3. d4 Nf6 4. Nc3 c6 5. e3 Nbd7 6. Qc2 Bd6 7. b3 O-O 8. Bb2
b6 9. Bd3 Bb7 10. O-O Qe7 11. Rfe1 Rad8 12. Rad1 h6 13. e4 dxe4 14. Nxe4 Nxe4
15. Bxe4 Nf6 16. Bd3 Qc7 17. c5 Be7 18. a3 Nd5 19. g3 a5 20. Ne5 Ra8 21. Be4
bxc5 22. dxc5 Ra7 23. Bf3 Ba6 24. Ng4 Qc8 25. Qd2 f6 26. Qc2 f5 27. Ne5 Kh7 28.
Be2 Bxe2 29. Rxe2 Rb7 30. Rde1 Rb5 31. Nc4 Bxc5 32. Rxe6 Qb7 33. Ba1 Qd7 34.
Qd3 Rbb8 35. Qf3 f4 36. g4 Nc7 37. Rg6 Bd4 38. Rd6 Bxf2+ 39. Kxf2 Qf7 40. Rxc6
Nd5 41. Qe4+ Kg8 42. Nd6 1-0

[Event "2nd BEHIN BAZAFARIN-Tehran"]
[Site "Tehran"]
[Date "2014.11.21"]
[Round "8.3"]
[White "Pourramezanali, Amirreza"]
[Black "Darini, Pouria"]
[Result "0-1"]
[WhiteElo "2414"]
[BlackElo "2458"]
[Annotator "www.Chessboard.ir"]
[PlyCount "146"]
[EventDate "2014.??.??"]
[EventRounds "2"]
[EventCountry "IRI"]
[WhiteClock "0:09:00"]
[BlackClock "0:12:15"]

1. e4 c5 2. c3 d5 3. exd5 Qxd5 4. d4 Nc6 5. Nf3 Bf5 6. dxc5 Qxd1+ 7. Kxd1 e5 8.
Be3 Nf6 9. Bb5 Ng4 10. b4 Nxe3+ 11. fxe3 f6 12. Nbd2 O-O-O 13. Ke2 Kc7 14. e4
Bg6 15. Bd3 Bf7 16. Rhf1 Be7 17. Nc4 f5 18. Ne3 f4 19. Bc4 Bg6 20. Nd5+ Kb8 21.
Nxe7 Nxe7 22. Nxe5 Bxe4 23. Nf7 Bxg2 24. Rfe1 f3+ 25. Kf2 Rd2+ 26. Ke3 Rc2 27.
Nxh8 Nf5+ 28. Kf4 g6 29. Rac1 Rb2 30. Bd5 Rd2 31. Rcd1 f2 32. Re8+ Kc7 33. Bxg2
Rxd1 34. Rf8 f1=Q+ 35. Bxf1 Rxf1+ 36. Ke5 Re1+ 37. Kd5 Rd1+ 38. Kc4 Ne3+ 39.
Kb3 Rb1+ 40. Ka4 Nd5 41. Rf3 Rb2 42. a3 Rxh2 43. c4 Ne7 44. Rf7 Kd7 45. b5 Ke6
46. Rf8 Rh5 47. Nf7 Rxc5 48. Kb4 b6 49. Nd8+ Kd7 50. Nc6 Nxc6+ 51. bxc6+ Kxc6
52. Rf7 a5+ 53. Kb3 Rh5 54. Rg7 Rh3+ 55. Ka4 Rc3 56. Rxh7 Rxc4+ 57. Kb3 b5 58.
Rg7 Rg4 59. Rg8 Rg3+ 60. Kb2 a4 61. Ka2 Rg2+ 62. Kb1 Kc5 63. Rc8+ Kd4 64. Rd8+
Kc4 65. Re8 g5 66. Re4+ Kd5 67. Re8 g4 68. Rg8 Kc4 69. Re8 g3 70. Re4+ Kc3 71.
Ka1 Rd2 72. Re3+ Rd3 73. Re2 Rd1+ 0-1

[Event "2nd BEHIN BAZAFARIN-Tehran"]
[Site "Tehran"]
[Date "2014.11.21"]
[Round "8.4"]
[White "Petrosian, Davit G"]
[Black "Nadanian, Ashot"]
[Result "1-0"]
[WhiteElo "2382"]
[BlackElo "2385"]
[Annotator "www.Chessboard.ir"]
[PlyCount "75"]
[EventDate "2014.??.??"]
[EventRounds "2"]
[EventCountry "IRI"]
[WhiteClock "0:01:22"]
[BlackClock "0:00:32"]

1. e4 c5 2. Nf3 e6 3. Nc3 a6 4. d4 cxd4 5. Nxd4 Qc7 6. Qd3 Nf6 7. Qg3 d6 8. Bd3
b5 9. a3 Bb7 10. O-O Nbd7 11. Bd2 h5 12. Rae1 h4 13. Qh3 Ne5 14. Kh1 Nc4 15.
Bc1 Be7 16. f4 Rd8 17. b3 Nb6 18. Bb2 Nh5 19. Nce2 Rh6 20. Nf3 Nd7 21. Bc1 Rh8
22. Ng5 Bf6 23. e5 dxe5 24. Bg6 Ke7 25. Bxf7 Ng3+ 26. Nxg3 hxg3 27. Qxe6+ Kf8
28. Bh5 Nc5 29. Qg4 Qc6 30. Re2 g6 31. fxe5 Rxh5 32. h3 Kg8 33. exf6 Qxf6 34.
Kg1 Qd6 35. Ne6 Nxe6 36. Rxe6 Qc5+ 37. Be3 Qxc2 38. Rxg6+ 1-0

[Event "2nd BEHIN BAZAFARIN-Tehran"]
[Site "Tehran"]
[Date "2014.11.21"]
[Round "8.5"]
[White "Nasri, Amin"]
[Black "Amonatov, Farrukh"]
[Result "1-0"]
[WhiteElo "2275"]
[BlackElo "2608"]
[Annotator "www.Chessboard.ir"]
[PlyCount "165"]
[EventDate "2014.??.??"]
[EventRounds "2"]
[EventCountry "IRI"]
[WhiteClock "0:02:11"]
[BlackClock "0:01:45"]

1. d4 Nf6 2. c4 g6 3. Nc3 Bg7 4. e4 d6 5. h3 O-O 6. Bg5 Nbd7 7. Nf3 e5 8. d5 a5
9. Nd2 Nc5 10. g4 a4 11. f3 c6 12. h4 Qa5 13. h5 a3 14. Qc2 axb2 15. Qxb2 Bd7
16. h6 Bh8 17. Be2 Rfc8 18. O-O Ne8 19. Nb3 Nxb3 20. axb3 Qb6+ 21. Kg2 Bf6 22.
Bd2 Qd8 23. Rxa8 Rxa8 24. Qc1 Nc7 25. Be3 Na6 26. Qd2 Nc5 27. Rb1 Ra3 28. Bd1
cxd5 29. cxd5 Qa8 30. b4 Na4 31. Nxa4 Bxa4 32. Bxa4 Rxa4 33. Rb2 Bd8 34. Rc2
Kf8 35. Qc1 Ra1 36. Qd2 Ke8 37. Kg3 Qa6 38. Rc1 Rxc1 39. Qxc1 Kd7 40. Qd2 Qc4
41. Kg2 Qb3 42. g5 Qc4 43. Kg1 Qb5 44. Kg2 Bc7 45. Bf2 Qc4 46. Be3 Bd8 47. Kg1
f6 48. gxf6 Bxf6 49. Qg2 Qc3 50. Qg4+ Kc7 51. Bg5 Bxg5 52. Qxg5 Kb6 53. Qf6
Qxb4 54. Qe7 Qc5+ 55. Kg2 Qc7 56. Qg7 Qc2+ 57. Kg3 Qc1 58. Qxh7 Qg5+ 59. Kf2
Qd2+ 60. Kf1 Qd1+ 61. Kg2 Qe2+ 62. Kg3 Qe1+ 63. Kg4 Qg1+ 64. Kh4 Qg2 65. Qd7
g5+ 66. Kh5 Qxf3+ 67. Kxg5 Qe3+ 68. Kh5 Qf3+ 69. Kg6 Qxe4+ 70. Kg7 Qg2+ 71. Kf8
Qf3+ 72. Qf7 e4 73. h7 Qh3 74. Qf2+ Kc7 75. Qf7+ Kb6 76. Qg7 Qc8+ 77. Ke7 Qc7+
78. Kf6 Qc3+ 79. Kf7 Qf3+ 80. Kg8 e3 81. Qd4+ Kc7 82. h8=Q e2 83. Qc3+ 1-0

[Event "2nd BEHIN BAZAFARIN-Tehran"]
[Site "Tehran"]
[Date "2014.11.21"]
[Round "8.6"]
[White "Mahdavirad, Mehdi"]
[Black "Malakhatko, Vadim"]
[Result "1-0"]
[WhiteElo "2264"]
[BlackElo "2533"]
[Annotator "www.Chessboard.ir"]
[PlyCount "77"]
[EventDate "2014.??.??"]
[EventRounds "2"]
[EventCountry "IRI"]
[WhiteClock "0:00:43"]
[BlackClock "0:02:19"]

1. d4 Nf6 2. c4 e6 3. Nf3 d5 4. e3 a6 5. Nbd2 c5 6. Be2 cxd4 7. Nxd4 Nc6 8.
Nxc6 bxc6 9. O-O Be7 10. Qc2 O-O 11. b3 Bb7 12. Bb2 a5 13. Rab1 Nd7 14. Rfd1
Bf6 15. Bxf6 Nxf6 16. a3 Qe7 17. b4 axb4 18. axb4 Rfc8 19. Qb2 Ra4 20. b5 cxb5
21. cxb5 Nd7 22. Rdc1 Nb6 23. Rxc8+ Bxc8 24. Rc1 Bd7 25. Qe5 Ra8 26. Bf1 Qb4
27. Qc7 Qa3 28. Nb3 Qa7 29. Qd6 Qb8 30. Qc5 e5 31. h3 g6 32. Qe7 Be8 33. Rc7
Nc4 34. Nc5 Qd8 35. Qxd8 Rxd8 36. Bxc4 dxc4 37. b6 c3 38. b7 c2 39. Na6 1-0

[Event "2nd BEHIN BAZAFARIN-Tehran"]
[Site "Tehran"]
[Date "2014.11.21"]
[Round "8.7"]
[White "Al-Ali, Hussein Ali Hussein"]
[Black "Harutjunyan, Gevorg"]
[Result "0-1"]
[WhiteElo "2252"]
[BlackElo "2451"]
[Annotator "www.Chessboard.ir"]
[PlyCount "148"]
[EventDate "2014.??.??"]
[EventRounds "2"]
[EventCountry "IRI"]
[WhiteClock "0:08:27"]
[BlackClock "0:13:29"]

1. e4 c6 2. Nc3 d5 3. Nf3 Bg4 4. h3 Bxf3 5. Qxf3 Nf6 6. d4 e6 7. Bg5 Be7 8.
O-O-O Nbd7 9. Bd3 Qa5 10. Bd2 Qb6 11. e5 Ng8 12. Qg4 g6 13. Kb1 O-O-O 14. Na4
Qc7 15. Qf3 f6 16. exf6 Ngxf6 17. c4 Rhf8 18. Qe2 Rde8 19. g4 Bd6 20. Bh6 Rf7
21. Rhe1 Bf4 22. g5 Qa5 23. Nc3 dxc4 24. Bxc4 Bxg5 25. Bxg5 Qxg5 26. Ka1 Rfe7
27. Bb3 Kb8 28. Qf3 Nd5 29. Ne4 Qf4 30. Qg3 Rf8 31. h4 Qxg3 32. fxg3 h6 33. Rd2
Kc7 34. Kb1 Ref7 35. Rde2 Rf1 36. Rxf1 Rxf1+ 37. Kc2 Rf3 38. Kd2 b6 39. Bc2 e5
40. Nc3 Nxc3 41. bxc3 exd4 42. cxd4 Kd6 43. Bxg6 Rxg3 44. Bf7 Rf3 45. Re6+ Kc7
46. Be8 Kd8 47. Kc2 Nf8 48. Re4 Rf6 49. Bh5 Ne6 50. Be2 Kc7 51. Bc4 Kd6 52. Rg4
Nf4 53. Rg7 a5 54. a4 c5 55. dxc5+ Kxc5 56. Kb3 Ng6 57. Rc7+ Kd6 58. Rc8 Nxh4
59. Bb5 Ke5 60. Kc4 Nf5 61. Re8+ Re6 62. Rxe6+ Kxe6 63. Bc6 h5 64. Bf3 h4 65.
Bg4 Ke5 66. Kb5 Ne3 67. Bh3 Nd5 68. Kc6 Kd4 69. Be6 Nf4 70. Bd7 Kc4 71. Kxb6
Kb4 72. Kc6 h3 73. Kd6 h2 74. Bc6 Nd3 0-1

[Event "2nd BEHIN BAZAFARIN-Tehran"]
[Site "Tehran"]
[Date "2014.11.21"]
[Round "8.8"]
[White "Tabatabaei, M.Amin"]
[Black "Sedaghati, Mehrdad"]
[Result "1-0"]
[WhiteElo "2353"]
[BlackElo "2161"]
[Annotator "www.Chessboard.ir"]
[PlyCount "91"]
[EventDate "2014.??.??"]
[EventRounds "2"]
[EventCountry "IRI"]
[WhiteClock "0:38:40"]
[BlackClock "0:56:20"]

1. c4 e5 2. Nc3 Nf6 3. Nf3 Nc6 4. a3 g6 5. b4 d6 6. Bb2 Bg7 7. e3 O-O 8. Qc2
Re8 9. d3 Nd7 10. Be2 f5 11. O-O Nf6 12. d4 e4 13. Nd2 Ne7 14. d5 c6 15. dxc6
bxc6 16. Nb3 Be6 17. c5 d5 18. Nd4 Bf7 19. b5 Qc7 20. bxc6 a6 21. Qa4 Qa7 22.
Qa5 Rec8 23. Na4 Nxc6 24. Nxc6 Rxc6 25. Nb6 Qc7 26. Be5 Qxe5 27. Nxa8 Qb8 28.
Nb6 Ng4 29. Bxg4 Bxa1 30. Rxa1 fxg4 31. Rc1 Qc7 32. Qc3 h5 33. g3 h4 34. gxh4
Kh7 35. a4 a5 36. Qxa5 Rf6 37. Qd2 Rf3 38. Nxd5 Bxd5 39. Qxd5 g3 40. hxg3 Rxg3+
41. fxg3 Qxg3+ 42. Kf1 Qf3+ 43. Ke1 Qxe3+ 44. Kd1 Qg1+ 45. Kc2 Qf2+ 46. Kb1 1-0

[Event "2nd BEHIN BAZAFARIN-Tehran"]
[Site "Tehran"]
[Date "2014.11.21"]
[Round "8.9"]
[White "Roohi, Abdolmajid"]
[Black "Mosadeghpour, Masoud"]
[Result "0-1"]
[WhiteElo "2115"]
[BlackElo "2347"]
[Annotator "www.Chessboard.ir"]
[PlyCount "54"]
[EventDate "2014.??.??"]
[EventRounds "2"]
[EventCountry "IRI"]
[WhiteClock "0:07:33"]
[BlackClock "0:40:24"]

1. Nf3 Nf6 2. e3 g6 3. b3 Bg7 4. Bb2 O-O 5. c4 c5 6. Nc3 b6 7. Be2 Bb7 8. O-O
Nc6 9. a3 e6 10. Rc1 d5 11. cxd5 Nxd5 12. Qc2 e5 13. Bc4 Nde7 14. Ne4 Rc8 15.
Rfd1 Qc7 16. d4 exd4 17. exd4 cxd4 18. Nfg5 h6 19. Bxf7+ Rxf7 20. Nxf7 Kxf7 21.
Qc4+ Kf8 22. Rd3 Nf5 23. g4 Qe7 24. gxf5 Qxe4 25. fxg6 Ne5 26. Qb4+ Rc5 27. f3
Qxg6+ 0-1

[Event "2nd BEHIN BAZAFARIN-Tehran"]
[Site "Tehran"]
[Date "2014.11.21"]
[Round "8.10"]
[White "Lorparizangeneh, Shahin"]
[Black "Hosseinipour, Mehdi"]
[Result "0-1"]
[WhiteElo "2308"]
[BlackElo "2275"]
[Annotator "www.Chessboard.ir"]
[PlyCount "126"]
[EventDate "2014.??.??"]
[EventRounds "2"]
[EventCountry "IRI"]
[WhiteClock "0:02:30"]
[BlackClock "0:01:37"]

1. c4 c5 2. Nf3 Nc6 3. g3 g6 4. Bg2 Bg7 5. Nc3 d6 6. O-O Nf6 7. d4 cxd4 8. Nxd4
Bd7 9. Nc2 O-O 10. Bd2 Rc8 11. b3 Be6 12. Ne3 Qd7 13. Re1 Bh3 14. Bh1 Nd4 15.
Ned5 Nxd5 16. Nxd5 Ne6 17. Bc3 Rfe8 18. Bxg7 Kxg7 19. Qd3 f6 20. Rac1 Nc5 21.
Qd4 b6 22. Rc3 Be6 23. Rec1 Bf7 24. h4 h6 25. Bg2 Qd8 26. Rd1 a5 27. Kh2 Nd7
28. Bh3 e6 29. Ne3 Nc5 30. Bg2 Re7 31. Ng4 e5 32. Qd2 g5 33. Ne3 Be6 34. Qc2
Rd7 35. Bd5 Qf8 36. h5 Qe8 37. g4 Bxg4 38. Nxg4 Qxh5+ 39. Rh3 Qxg4 40. e3 Rdd8
41. f4 exf4 42. Rg1 Qd7 43. exf4 Rh8 44. Bf3 Qe7 45. Qc3 Ne4 46. Qd4 d5 47.
cxd5 Rc2+ 48. Rg2 Rxg2+ 49. Bxg2 Nc5 50. d6 Qd8 51. Bc6 Ne6 52. Qd2 Nxf4 53.
Re3 Ng6 54. Re6 Qc8 55. Qd5 Rf8 56. Qe4 Qb8 57. Kh1 Ne5 58. Qf5 Nxc6 59. d7 Ne5
60. Re7+ Rf7 61. Qe6 Rxe7 62. Qxe7+ Nf7 63. Qe8 Qb7+ 0-1

[Event "2nd BEHIN BAZAFARIN-Tehran"]
[Site "Tehran"]
[Date "2014.11.21"]
[Round "8.11"]
[White "Alavi, Sayed Javad"]
[Black "Galehdari, Bardia"]
[Result "1-0"]
[WhiteElo "2458"]
[BlackElo "2084"]
[Annotator "www.Chessboard.ir"]
[PlyCount "76"]
[EventDate "2014.??.??"]
[EventRounds "2"]
[EventCountry "IRI"]
[WhiteClock "0:02:21"]

1. d4 Nf6 2. Nf3 e6 3. c4 Bb4+ 4. Bd2 Qe7 5. g3 O-O 6. Bg2 Nc6 7. Nc3 d6 8. O-O
Bxc3 9. Bxc3 e5 10. d5 Nb8 11. c5 Bg4 12. cxd6 cxd6 13. h3 Bxf3 14. exf3 Nbd7
15. Re1 Qd8 16. Qd2 Nb6 17. f4 exf4 18. g4 Rc8 19. a4 f3 20. Bxf3 Nfd7 21. a5
Ne5 22. Be2 Nbd7 23. Qd4 Qh4 24. Kg2 f5 25. f3 fxg4 26. fxg4 Rc4 27. Qe3 Re4
28. Qg3 Qg5 29. h4 Qe7 30. Bb5 Nxg4 31. Bxd7 Rxe1 32. Qxe1 Qxd7 33. Qe6+ Qxe6
34. dxe6 Ne3+ 35. Kg3 Re8 36. Re1 Nf5+ 37. Kg4 Ne7 38. Bb4 d5 {Time} 1-0